LDR 00749naa#a2200205#i#450# 001 EN\\bibl\123248 005 20260630062133.2 011 ## _a2077-7566 100 ## _a20260629b2026####ek#y0engy0150####ca 101 0# _aRUS 102 ## _aRU 200 1# _aORAL CAVITY STATUS IN PATIENTS WITH MEDICATION-RELATED OSTEONECROSIS OF THE JAW BEFORE AND AFTER TREATMENT _eJournal article 210 1# _aEkaterinburg _cTIRAZH Publishing House _d2026 215 ## _a6 с. 608 ## _aJournal article _2local 675 ## _aСтоматология. Заболевания ротовой полости и зубов. 616.31 _zRUS 700 #1 _aVinogradova _gNatal'ya Gennad'evna 700 #1 _aKharitonova _gMarina P. 700 #1 _aUporova _gNatal'ya Andreevna 856 4# _adental-press.ru _u